LDR 00845naa#a2200193#i#450# 001 EN\\bibl\122347 005 20260501080444.5 011 ## _a2307-7476 100 ## _a20260410b2026####ek#y0engy0150####ca 102 ## _aRU 200 1# _aAPPLICATION OF NEW INFORMATION TECHNOLOGIES FOR ENSURING FIRE SAFETY IN SHOPPING AND ENTERTAINMENT CENTERS _eJournal article 210 1# _aSaint-Petersburg _cSaint-Petersburg University of State Fire Service of Emercom of Russia _d2026 215 ## _a4 с. 608 ## _aJournal article _2local 675 ## _aКомпьютерное моделирование. 004.94 _aПожары комплекса сооружений. Пожары, охватывающие большие площади. 614.841.44 _z 700 #1 _aSorov _gArseniy A., 700 #1 _aKhudeyeva _gYulia S. 700 #1 _aBurmistrova _gN. A. 856 4# _ajournals.igps.ru _u